000 00690nam a2200229 a 4500
005 20240925064348.0
008 050516s1993 ag 000 0 spa d
020 _a9509998532
035 _aUPN01000139950
049 _aCG
050 4 _aBF721
_bI5.4
245 0 0 _aIncluso los niños :
_bapuntes para una estética de la infancia /
_ccomp. Maite Alvarado.
260 _aBuenos Aires :
_bLa Marca,
_c1993.
300 _a142 p.
440 0 _aCuadernillos de géneros
650 4 _aPsicología infantil
_990
650 4 _aNiño, Estudio del
_9221
650 4 _aDesarrollo infantil
_9176
700 1 _aAlvarado, Maite,
_d1952-2002
_ecomp.
_931003
905 _aLibro
999 _c112098
_d112098